[Event "5. Torneo de Promoción de Almansa B"]
[Site "Almansa ESP"]
[Date "2010.08.09"]
[Round "1.1"]
[White "Benitez Fernandez, Pedro Vicente"]
[Black "Marti Pons, Eugeni"]
[Result "1-0"]
[WhiteElo "1998"]
[BlackElo "1745"]
[PlyCount "71"]
[EventDate "2010.08.09"]
[EventType "swiss"]
[EventRounds "9"]
[EventCountry "ESP"]
[Source "lmi"]
[SourceDate "2010.08.09"]

1. e4 c5 2. Nf3 Nc6 3. d4 cxd4 4. Nxd4 Nf6 5. Nc3 e5 6. Ndb5 d6 7. Bg5 a6 8.
Na3 b5 9. Bxf6 Qxf6 10. Nd5 Qd8 11. c3 Ne7 12. Be2 Nxd5 13. exd5 Be7 14. Nc2
O-O 15. O-O f5 16. a4 bxa4 17. Rxa4 a5 18. Bb5 f4 19. Bc6 Rb8 20. Na3 Bh4 21.
Nc4 Qg5 22. Nxd6 Bh3 23. Qf3 Bg4 24. Qd3 f3 25. g3 Bxg3 26. fxg3 Rxb2 27. Rf2
Qc1+ 28. Qf1 Qxf1+ 29. Rxf1 Rg2+ 30. Kh1 Bh3 31. Bb5 Rb2 32. Rxa5 Bg2+ 33. Kg1
Rxb5 34. Rxb5 h6 35. Rfb1 Kh7 36. Ne4 1-0

[Event "5. Torneo de Promoción de Almansa B"]
[Site "Almansa ESP"]
[Date "2010.08.09"]
[Round "1.2"]
[White "Vicente Navarro, Juan Manuel"]
[Black "Santa Puche, Pedro Jose"]
[Result "0-1"]
[WhiteElo "1739"]
[BlackElo "1994"]
[PlyCount "48"]
[EventDate "2010.08.09"]
[EventType "swiss"]
[EventRounds "9"]
[EventCountry "ESP"]
[Source "lmi"]
[SourceDate "2010.08.09"]

1. e4 c5 2. Nf3 g6 3. d4 cxd4 4. Nxd4 Nc6 5. Nc3 Bg7 6. Be3 Nf6 7. f3 O-O 8.
Qd2 d5 9. exd5 Nxd5 10. Nxc6 bxc6 11. Nxd5 cxd5 12. c3 e5 13. O-O-O Be6 14. Bh6
Qa5 15. Bxg7 Kxg7 16. a3 Rfc8 17. Kb1 Rab8 18. Ka1 Rb3 19. Ka2 Rcxc3 20. Ka1 d4
21. Qe2 Rxa3+ 22. bxa3 Rxa3+ 23. Kb1 Ra1+ 24. Kc2 Qc3# 0-1

[Event "5. Torneo de Promoción de Almansa B"]
[Site "Almansa ESP"]
[Date "2010.08.09"]
[Round "1.3"]
[White "Sanchiz Marti, Josep Miguel"]
[Black "Alonso Vara, Maria"]
[Result "1-0"]
[WhiteElo "1993"]
[BlackElo "1736"]
[PlyCount "65"]
[EventDate "2010.08.09"]
[EventType "swiss"]
[EventRounds "9"]
[EventCountry "ESP"]
[Source "lmi"]
[SourceDate "2010.08.09"]

1. d4 d5 2. c4 e6 3. Nc3 f5 4. e3 Nf6 5. Qc2 c6 6. Bd3 Bd6 7. Nge2 a6 8. b3 O-O
9. Bb2 Nbd7 10. cxd5 cxd5 11. Rc1 b5 12. O-O Bxh2+ 13. Kxh2 Ng4+ 14. Kg3 Qg5
15. f4 Qg6 16. Kf3 Nh2+ 17. Kf2 Ng4+ 18. Ke1 Nxe3 19. Qd2 Nxf1 20. Kxf1 Nf6 21.
Ng1 Ne4 22. Qe3 h6 23. Nf3 Qh5 24. Kg1 g5 25. Ne2 Ra7 26. Ba3 Re8 27. fxg5 Nxg5
28. Nxg5 hxg5 29. Rxc8 f4 30. Rxe8+ Qxe8 31. Qe5 Rg7 32. Bf5 Kf7 33. Bg4 1-0

[Event "5. Torneo de Promoción de Almansa B"]
[Site "Almansa ESP"]
[Date "2010.08.09"]
[Round "1.4"]
[White "Romero Calduch, Sergio"]
[Black "Sanchez Lopez, Diego"]
[Result "0-1"]
[WhiteElo "1734"]
[BlackElo "1992"]
[PlyCount "75"]
[EventDate "2010.08.09"]
[EventType "swiss"]
[EventRounds "9"]
[EventCountry "ESP"]
[Source "lmi"]
[SourceDate "2010.08.09"]

1. d4 d5 2. c4 c6 3. Nc3 e6 4. Nf3 f5 5. Bf4 Nf6 6. e3 a6 7. Qc2 Nbd7 8. cxd5
cxd5 9. a4 Bb4 10. Bd3 O-O 11. O-O Qe8 12. Na2 Be7 13. b4 Qh5 14. Be2 Ne4 15.
b5 Qf7 16. bxa6 bxa6 17. Ne5 Nxe5 18. Bxe5 Bd7 19. f3 Rfc8 20. Qd3 Nd6 21. Nc3
Nc4 22. e4 Bb4 23. Rfc1 fxe4 24. fxe4 Nxe5 25. dxe5 Qf4 26. Bf3 Qxe5 27. Ne2
Rxc1+ 28. Rxc1 Bxa4 29. exd5 Bd6 30. Ng3 Bb5 31. Qe4 Qxe4 32. Nxe4 Bf4 33. Rc2
exd5 34. Nf6+ Kh8 35. Nxd5 Be5 36. g3 Rd8 37. Nc3 Rc8 38. h3 0-1

[Event "5. Torneo de Promoción de Almansa B"]
[Site "Almansa ESP"]
[Date "2010.08.09"]
[Round "1.5"]
[White "Alcaraz Carcel, Antonio"]
[Black "Rodes Pastor, Eduardo"]
[Result "1-0"]
[WhiteElo "1991"]
[BlackElo "1733"]
[PlyCount "57"]
[EventDate "2010.08.09"]
[EventType "swiss"]
[EventRounds "9"]
[EventCountry "ESP"]
[Source "lmi"]
[SourceDate "2010.08.09"]

1. d4 c6 2. Nf3 d5 3. Bf4 Nf6 4. h3 Qb6 5. b3 e6 6. e3 Ne4 7. c3 Nd7 8. Bd3
Ndf6 9. O-O c5 10. Nfd2 Nxd2 11. Nxd2 Bd6 12. Bg5 Be7 13. f4 Bd7 14. Qe2 Rc8
15. Nf3 cxd4 16. cxd4 h6 17. Bxf6 Bxf6 18. Rac1 O-O 19. g4 g6 20. h4 Kh8 21. h5
gxh5 22. g5 Rxc1 23. Rxc1 Rg8 24. Kf2 hxg5 25. fxg5 Bg7 26. Ne5 Bh6 27. Qxh5
Rg7 28. Qxh6+ Kg8 29. Rh1 1-0

[Event "5. Torneo de Promoción de Almansa B"]
[Site "Almansa ESP"]
[Date "2010.08.09"]
[Round "1.6"]
[White "Medina Sanchez, Gines"]
[Black "Perez Garcia, Jose Miguel"]
[Result "0-1"]
[WhiteElo "1724"]
[BlackElo "1988"]
[PlyCount "114"]
[EventDate "2010.08.09"]
[EventType "swiss"]
[EventRounds "9"]
[EventCountry "ESP"]
[Source "lmi"]
[SourceDate "2010.08.09"]

1. Nf3 c5 2. b3 Nf6 3. Bb2 e6 4. e3 b6 5. Be2 Bb7 6. O-O Be7 7. d4 O-O 8. Nbd2
d5 9. c4 cxd4 10. Nxd4 Nbd7 11. N2f3 Rc8 12. Rc1 Nc5 13. Ne5 Bd6 14. Ndf3 Qe7
15. Qd4 Rfd8 16. Qh4 Nfe4 17. Qxe7 Bxe7 18. cxd5 Bxd5 19. Rfd1 f6 20. Nc4 Kf7
21. Nd4 Nd6 22. Nxd6+ Bxd6 23. f3 Ke7 24. Kf2 h5 25. e4 Bb7 26. h3 Bf4 27. Rc2
Rxd4 28. Bxd4 Nxe4+ 29. fxe4 Rxc2 30. Kf3 Bd6 31. Bc4 e5 32. Be3 f5 33. Bg5+
Kd7 34. Bb5+ Kc7 35. Bd8+ Kxd8 36. Rxd6+ Kc8 37. Re6 Bxe4+ 38. Ke3 Rxg2 39.
Rxe5 Kc7 40. Bc4 Kd7 41. h4 Rxa2 42. Re6 b5 43. Rg6 bxc4 44. Rxg7+ Kd6 45. bxc4
Ke5 46. Re7+ Kf6 47. Rc7 Ra3+ 48. Kd4 a5 49. Ra7 a4 50. Ra6+ Ke7 51. Ke5 Kd7
52. c5 Bc2 53. Rd6+ Kc7 54. Rd2 Re3+ 55. Kf4 Rc3 56. Kg5 a3 57. c6 a2 0-1

[Event "5. Torneo de Promoción de Almansa B"]
[Site "Almansa ESP"]
[Date "2010.08.09"]
[Round "1.7"]
[White "Martinez Hernandez, Javier"]
[Black "Gomila Marti, Santiago"]
[Result "1-0"]
[WhiteElo "1987"]
[BlackElo "1720"]
[PlyCount "51"]
[EventDate "2010.08.09"]
[EventType "swiss"]
[EventRounds "9"]
[EventCountry "ESP"]
[Source "lmi"]
[SourceDate "2010.08.09"]

1. Nf3 Nf6 2. d4 g6 3. c4 c5 4. Nc3 cxd4 5. Nxd4 Nc6 6. e4 Bg7 7. Nxc6 bxc6 8.
e5 Ng8 9. Bf4 Qa5 10. Be2 Bxe5 11. Qd2 Bxf4 12. Qxf4 Nf6 13. O-O O-O 14. Bf3
Bb7 15. a3 Rab8 16. Rfe1 Rfe8 17. Rxe7 Rxe7 18. Qxb8+ Kg7 19. Qxb7 Qe5 20. h3
d5 21. Qxc6 d4 22. Nd5 d3 23. Qxf6+ Qxf6 24. Nxf6 Kxf6 25. Rd1 Rd7 26. Bd5 1-0

[Event "5. Torneo de Promoción de Almansa B"]
[Site "Almansa ESP"]
[Date "2010.08.09"]
[Round "1.8"]
[White "Sierra Soria, Maria"]
[Black "Remolar Gallen, Jose"]
[Result "0-1"]
[WhiteElo "1713"]
[BlackElo "1983"]
[PlyCount "44"]
[EventDate "2010.08.09"]
[EventType "swiss"]
[EventRounds "9"]
[EventCountry "ESP"]
[Source "lmi"]
[SourceDate "2010.08.09"]

1. c4 c5 2. Nc3 g6 3. Nf3 Bg7 4. g3 Nc6 5. Bg2 d6 6. O-O e5 7. d3 Nge7 8. a3
O-O 9. Qc2 h6 10. Rb1 a5 11. h3 Be6 12. e3 f5 13. Nd2 f4 14. exf4 exf4 15. Nf3
g5 16. gxf4 gxf4 17. Qe2 Qd7 18. Kh2 Rae8 19. Ng1 Nd4 20. Qh5 Rf5 21. Qh4 f3
22. Nxf3 Nxf3+ 0-1

[Event "5. Torneo de Promoción de Almansa B"]
[Site "Almansa ESP"]
[Date "2010.08.09"]
[Round "1.9"]
[White "Gomez Peco, David"]
[Black "Calonge Fabregat, Miguel"]
[Result "1-0"]
[WhiteElo "1982"]
[BlackElo "1705"]
[PlyCount "76"]
[EventDate "2010.08.09"]
[EventType "swiss"]
[EventRounds "9"]
[EventCountry "ESP"]
[Source "lmi"]
[SourceDate "2010.08.09"]

1. e4 c6 2. d4 d5 3. e5 Bf5 4. Nc3 e6 5. g4 Bg6 6. Nge2 h6 7. Be3 Nd7 8. f4 Bb4
9. Bg2 Ne7 10. a3 Bxc3+ 11. bxc3 Nb6 12. O-O Nc4 13. Bc1 h5 14. h3 h4 15. Kh1
Qa5 16. a4 b5 17. f5 exf5 18. Nf4 Qxc3 19. Nxg6 Nxg6 20. gxf5 Ngxe5 21. Bg5 Nb2
22. Qe1 Qxe1 23. Raxe1 f6 24. Bc1 Nxa4 25. dxe5 O-O 26. e6 a5 27. Be3 Kh7 28.
Rf4 g6 29. Rxh4+ Kg8 30. fxg6 Rfe8 31. Bh6 Ra7 32. Rf4 Rae7 33. Rxf6 Nc5 34. h4
a4 35. Bh3 Ne4 36. Rf7 a3 37. Kg2 Nc3 38. Ref1 a2 1-0

[Event "5. Torneo de Promoción de Almansa B"]
[Site "Almansa ESP"]
[Date "2010.08.09"]
[Round "1.10"]
[White "Canton Sanchez, Adrian"]
[Black "Martinez Villena, David"]
[Result "0-1"]
[WhiteElo "1704"]
[BlackElo "1971"]
[PlyCount "110"]
[EventDate "2010.08.09"]
[EventType "swiss"]
[EventRounds "9"]
[EventCountry "ESP"]
[Source "lmi"]
[SourceDate "2010.08.09"]

1. e4 d5 2. exd5 Nf6 3. c4 c6 4. dxc6 Nxc6 5. Nf3 e5 6. d3 Bf5 7. Nh4 Be6 8.
Nf3 Bc5 9. Be2 Qb6 10. O-O Rd8 11. Nc3 Bxc4 12. Nxe5 Nxe5 13. Qa4+ Bb5 14. Nxb5
O-O 15. b4 Bxb4 16. Qxb4 a6 17. d4 Nc6 18. Qc5 Qxc5 19. dxc5 axb5 20. Bxb5 Rd5
21. a4 Ra8 22. Ba3 Ne4 23. Rad1 Rxd1 24. Rxd1 Nc3 25. Rd3 Nxa4 26. f4 h6 27.
Kf2 Ra5 28. Bxa4 Rxa4 29. Bc1 Kf8 30. Be3 Ke7 31. Rb3 Rb4 32. Rxb4 Nxb4 33. g4
Ke6 34. Bd4 f6 35. h4 Kd5 36. Ba1 Nd3+ 37. Ke3 Nxc5 38. g5 Ke6 39. h5 Kf5 40.
gxh6 gxh6 41. Kf3 Ne6 42. Bc3 Nxf4 43. Bd2 Nxh5 44. Bxh6 b5 45. Ke3 Ke5 46. Kd3
Kd5 47. Kc3 f5 48. Bd2 Nf6 49. Bf4 Ke4 50. Bh2 Nd5+ 51. Kd2 f4 52. Bg1 Ne3 53.
Kc3 Nd5+ 54. Kd2 b4 55. Kc2 f3 0-1

[Event "5. Torneo de Promoción de Almansa B"]
[Site "Almansa ESP"]
[Date "2010.08.09"]
[Round "1.11"]
[White "Cubillo Munoz, Miguel"]
[Black "Ortega Lopez, Mikel"]
[Result "1-0"]
[WhiteElo "1970"]
[BlackElo "1703"]
[PlyCount "61"]
[EventDate "2010.08.09"]
[EventType "swiss"]
[EventRounds "9"]
[EventCountry "ESP"]
[Source "lmi"]
[SourceDate "2010.08.09"]

1. d4 d5 2. c4 e6 3. Nc3 c6 4. Nf3 Nf6 5. Bg5 Nbd7 6. e3 Be7 7. Qc2 O-O 8. a3
b6 9. Bd3 Bb7 10. cxd5 exd5 11. Ne5 h6 12. Bxf6 Bxf6 13. f4 c5 14. O-O Nxe5 15.
dxe5 Be7 16. Rad1 c4 17. Bxc4 Bc5 18. Nxd5 Bxd5 19. Bxd5 Qc7 20. Qe4 Rad8 21.
b4 Be7 22. f5 Rfe8 23. f6 Bxf6 24. Rxf6 gxf6 25. Qg6+ Kf8 26. Qxh6+ Ke7 27.
exf6+ Kd7 28. Qh3+ Kd6 29. Qg3+ Re5 30. Bxf7+ Kc6 31. Rc1+ 1-0

[Event "5. Torneo de Promoción de Almansa B"]
[Site "Almansa ESP"]
[Date "2010.08.09"]
[Round "1.12"]
[White "Duque Suarez, Leonardo"]
[Black "Fernandez Seco, Julian"]
[Result "0-1"]
[WhiteElo "1702"]
[BlackElo "1969"]
[PlyCount "90"]
[EventDate "2010.08.09"]
[EventType "swiss"]
[EventRounds "9"]
[EventCountry "ESP"]
[Source "lmi"]
[SourceDate "2010.08.09"]

1. e4 c5 2. Nf3 d6 3. d4 cxd4 4. Nxd4 Nf6 5. Nc3 g6 6. Be3 Bg7 7. f3 a6 8. Bc4
b5 9. Bb3 Nbd7 10. a3 Bb7 11. Qd2 Rc8 12. O-O-O Nb6 13. Be6 Nc4 14. Qd3 Nxe3
15. Bxc8 Nxd1 16. Bxb7 Nf2 17. Qe3 Nxh1 18. Bxa6 O-O 19. Nc6 Qc7 20. Bxb5 e6
21. Qg1 d5 22. exd5 Nxd5 23. Nxd5 exd5 24. Qxh1 Qf4+ 25. Kb1 Qf6 26. c3 Rc8 27.
Nd4 Qb6 28. a4 Bxd4 29. cxd4 Qxd4 30. Qe1 Qc5 31. Bd7 Qc2+ 32. Ka2 Rb8 33. Qe5
Qb3+ 34. Kb1 Rd8 35. Qe7 Rf8 36. Bb5 Rc8 37. Qe2 Qb4 38. Qd3 d4 39. Bd7 Rb8 40.
Bb5 h5 41. Qc4 Qe1+ 42. Ka2 Rd8 43. Qc7 Qh4 44. Bc4 Qf6 45. Bxf7+ Qxf7+ 0-1

[Event "5. Torneo de Promoción de Almansa B"]
[Site "Almansa ESP"]
[Date "2010.08.09"]
[Round "1.13"]
[White "Baeza Garcia, Agustin"]
[Black "Fernandez Cano, Victor"]
[Result "1-0"]
[WhiteElo "1967"]
[BlackElo "1697"]
[PlyCount "75"]
[EventDate "2010.08.09"]
[EventType "swiss"]
[EventRounds "9"]
[EventCountry "ESP"]
[Source "lmi"]
[SourceDate "2010.08.09"]

1. d4 Nf6 2. c4 c5 3. d5 b5 4. cxb5 a6 5. bxa6 Bxa6 6. Nc3 d6 7. Nf3 g6 8. g3
Bg7 9. Bg2 O-O 10. Rb1 Nbd7 11. O-O Qb6 12. Re1 Ng4 13. h3 Bxc3 14. hxg4 Bxe1
15. Qxe1 Bb7 16. Bh6 Rfe8 17. Qc3 f6 18. Nh4 Rxa2 19. Qe3 Ne5 20. f4 Nf7 21. g5
Rxb2 22. Rxb2 Qxb2 23. Kh2 Bc8 24. Qe4 f5 25. Qa4 Rd8 26. Qa5 Bd7 27. Bf3 c4
28. Qa7 Qd2 29. Ng2 Nxh6 30. gxh6 Kf7 31. Qc7 c3 32. Qxd8 c2 33. Qh8 Bb5 34.
Qxh7+ Ke8 35. Qg8+ Kd7 36. h7 c1=Q 37. h8=Q Qa5 38. Qe8+ 1-0

[Event "5. Torneo de Promoción de Almansa B"]
[Site "Almansa ESP"]
[Date "2010.08.09"]
[Round "1.14"]
[White "Molla Gil, Pablo"]
[Black "Fernandez Quintero, Jose Antonio"]
[Result "1-0"]
[WhiteElo "1693"]
[BlackElo "1966"]
[PlyCount "61"]
[EventDate "2010.08.09"]
[EventType "swiss"]
[EventRounds "9"]
[EventCountry "ESP"]
[Source "lmi"]
[SourceDate "2010.08.09"]

1. e4 e6 2. d4 d5 3. Nc3 Nf6 4. e5 Nfd7 5. Nf3 c5 6. Be3 Nc6 7. Be2 cxd4 8.
Bxd4 Nxd4 9. Qxd4 Bc5 10. Qg4 O-O 11. O-O Qc7 12. Qg3 f6 13. exf6 Qxg3 14. f7+
Rxf7 15. hxg3 h6 16. Nb5 Rb8 17. c4 a6 18. cxd5 exd5 19. Nc3 Nf6 20. Rad1 Be6
21. Na4 Ba7 22. Rfe1 Ne4 23. Nd4 Bd7 24. Nc3 Nxf2 25. Rd2 Rd8 26. Rf1 Ne4 27.
Nxe4 Rxf1+ 28. Kxf1 dxe4 29. Ne6 Re8 30. Rxd7 Rxe6 31. Bc4 1-0

[Event "5. Torneo de Promoción de Almansa B"]
[Site "Almansa ESP"]
[Date "2010.08.09"]
[Round "1.15"]
[White "Perez Garcia, Juan Angel"]
[Black "Fernandez-gallardo Romero, Alvaro"]
[Result "1-0"]
[WhiteElo "1961"]
[BlackElo "1692"]
[PlyCount "51"]
[EventDate "2010.08.09"]
[EventType "swiss"]
[EventRounds "9"]
[EventCountry "ESP"]
[Source "lmi"]
[SourceDate "2010.08.09"]

1. e4 c5 2. Nf3 d6 3. d4 cxd4 4. Nxd4 Nf6 5. Nc3 a6 6. Be3 e6 7. f3 b5 8. g4 h6
9. h4 Nbd7 10. Qd2 Bb7 11. O-O-O b4 12. Na4 d5 13. Bh3 Qa5 14. b3 Nc5 15. Nxc5
Bxc5 16. Kb1 dxe4 17. g5 Nd5 18. a4 Nc3+ 19. Kb2 Nxd1+ 20. Rxd1 Bxd4+ 21. Qxd4
O-O 22. gxh6 e5 23. Qd7 Bc8 24. Qe7 Ra7 25. Bxa7 Bxh3 26. Qg5 1-0

[Event "5. Torneo de Promoción de Almansa B"]
[Site "Almansa ESP"]
[Date "2010.08.10"]
[Round "2.6"]
[White "Perez Garcia, Jose Miguel"]
[Black "Ontañon Gomez, Jesus"]
[Result "1/2-1/2"]
[WhiteElo "1988"]
[BlackElo "1864"]
[PlyCount "66"]
[EventDate "2010.08.09"]
[EventType "swiss"]
[EventRounds "9"]
[EventCountry "ESP"]
[Source "lmi"]
[SourceDate "2010.08.09"]

1. d4 c5 2. Nf3 cxd4 3. Nxd4 Nc6 4. c4 Nf6 5. Nc3 Nxd4 6. Qxd4 g6 7. e4 d6 8.
Bg5 Bg7 9. Qd2 O-O 10. f3 a5 11. Rc1 a4 12. Be2 Be6 13. Nb5 Nd7 14. Nd4 Nc5 15.
Nxe6 Nxe6 16. Be3 Qa5 17. Qxa5 Rxa5 18. Rc2 Rc8 19. Kd2 Bd4 20. Bxd4 Nxd4 21.
Rc3 Rac5 22. Rhc1 Nxe2 23. Kxe2 Rh5 24. h3 Rg5 25. g4 Rgc5 26. Kd3 Ra8 27. R1c2
Kg7 28. Ra3 Rca5 29. Kd4 Kf6 30. f4 b5 31. cxb5 Rxb5 32. Kc4 Rc5+ 33. Kd3 Rb5
1/2-1/2

[Event "5. Torneo de Promoción de Almansa B"]
[Site "Almansa ESP"]
[Date "2010.08.10"]
[Round "2.8"]
[White "Remolar Gallen, Jose"]
[Black "Mingarro Carceller, Sergi"]
[Result "1-0"]
[WhiteElo "1983"]
[BlackElo "1826"]
[PlyCount "53"]
[EventDate "2010.08.09"]
[EventType "swiss"]
[EventRounds "9"]
[EventCountry "ESP"]
[Source "lmi"]
[SourceDate "2010.08.09"]

1. c4 e5 2. g3 f5 3. d4 e4 4. Nc3 Nf6 5. f3 Bb4 6. Bg2 O-O 7. Nh3 c6 8. O-O d5
9. cxd5 cxd5 10. Bg5 Bxc3 11. bxc3 Nc6 12. Nf4 Qd6 13. Bxf6 Rxf6 14. Qb3 Be6
15. Bh3 Bf7 16. Qxb7 Rb8 17. Qa6 g5 18. Ng2 Qf8 19. Rab1 Rxb1 20. Rxb1 Qh6 21.
Bxf5 Rxf5 22. Qc8+ Kg7 23. Qxf5 exf3 24. Qxf3 Qe6 25. Ne3 Ne7 26. Rb7 Kg8 27.
Ng4 1-0

[Event "5. Torneo de Promoción de Almansa B"]
[Site "Almansa ESP"]
[Date "2010.08.10"]
[Round "2.9"]
[White "Moreno Brocalero, Jorge"]
[Black "Gomez Peco, David"]
[Result "1/2-1/2"]
[WhiteElo "1850"]
[BlackElo "1982"]
[PlyCount "57"]
[EventDate "2010.08.09"]
[EventType "swiss"]
[EventRounds "9"]
[EventCountry "ESP"]
[Source "lmi"]
[SourceDate "2010.08.09"]

1. e4 c5 2. Nf3 Nc6 3. c3 d5 4. exd5 Qxd5 5. d4 Bg4 6. Bb5 Bxf3 7. Qxf3 Qxf3 8.
gxf3 cxd4 9. Bxc6+ bxc6 10. cxd4 g6 11. Be3 Bg7 12. Nc3 Rb8 13. O-O-O Nf6 14.
Kc2 Nd5 15. Nxd5 cxd5 16. Rd3 Kd7 17. Rc3 Rhc8 18. Rxc8 Rxc8+ 19. Kd3 f6 20.
Rb1 a6 21. b4 Rc4 22. b5 axb5 23. Rxb5 Ra4 24. Rxd5+ Ke6 25. Rb5 Rxa2 26. d5+
Kd6 27. Bf4+ e5 28. dxe6+ Kxe6 29. Be3 1/2-1/2

[Event "5. Torneo de Promoción de Almansa B"]
[Site "Almansa ESP"]
[Date "2010.08.10"]
[Round "2.13"]
[White "Iglesias Fernandez, Luis"]
[Black "Baeza Garcia, Agustin"]
[Result "1/2-1/2"]
[WhiteElo "1820"]
[BlackElo "1967"]
[PlyCount "65"]
[EventDate "2010.08.09"]
[EventType "swiss"]
[EventRounds "9"]
[EventCountry "ESP"]
[Source "lmi"]
[SourceDate "2010.08.09"]

1. e4 d5 2. Nc3 d4 3. Nce2 e5 4. f4 f6 5. Nf3 Nc6 6. d3 Be6 7. c3 Bg4 8. cxd4
Bxf3 9. gxf3 Nxd4 10. Nxd4 Qxd4 11. Qb3 Bb4+ 12. Ke2 O-O-O 13. Be3 Qd6 14. fxe5
fxe5 15. Rc1 Ba5 16. Rc5 Bb6 17. Rd5 Qe7 18. Bh3+ Kb8 19. Rxd8+ Qxd8 20. Bxb6
axb6 21. Qb5 Qe7 22. Rc1 Nf6 23. Rc3 Nh5 24. Qd7 Nf4+ 25. Kd2 Qxd7 26. Bxd7 Rd8
27. Ba4 Rd6 28. Ke3 Kc8 29. Bb3 Kd7 30. Bc4 c6 31. a4 Rh6 32. Rc2 c5 33. Rd2
1/2-1/2

[Event "5. Torneo de Promoción de Almansa B"]
[Site "Almansa ESP"]
[Date "2010.08.10"]
[Round "2.15"]
[White "Sacristan Latorre, Alberto"]
[Black "Alvarez Serrano, Carlos"]
[Result "1/2-1/2"]
[WhiteElo "1961"]
[BlackElo "1790"]
[PlyCount "79"]
[EventDate "2010.08.09"]
[EventType "swiss"]
[EventRounds "9"]
[EventCountry "ESP"]
[Source "lmi"]
[SourceDate "2010.08.09"]

1. Nf3 Nf6 2. g3 g6 3. Bg2 Bg7 4. O-O O-O 5. d3 c5 6. e4 d6 7. Nc3 Nc6 8. Nh4
Nd7 9. f4 Qa5 10. Nd5 e6 11. Ne3 f5 12. exf5 exf5 13. Nf3 Nf6 14. Nc4 Qc7 15.
a4 Bd7 16. Bd2 Rfe8 17. c3 Be6 18. Ne3 Qb6 19. Qc2 Bb3 20. Qc1 Be6 21. Ng5 Kh8
22. Nxe6 Rxe6 23. Qc2 Rae8 24. Rae1 Qd8 25. Nd5 Nxd5 26. Bxd5 Re2 27. Bf3 R2e7
28. Rxe7 Rxe7 29. Re1 Qe8 30. Qd1 Bf6 31. Rxe7 Qxe7 32. Qe1 Qd7 33. Bd5 Nd8 34.
b3 b6 35. Qe3 b5 36. axb5 Qxb5 37. Bc4 Qc6 38. b4 d5 39. Bb3 d4 40. Qe1 1/2-1/2

[Event "5. Torneo de Promoción de Almansa B"]
[Site "Almansa ESP"]
[Date "2010.08.10"]
[Round "3.1"]
[White "Villaescusa Navalon, Miguel"]
[Black "Santa Puche, Pedro Jose"]
[Result "0-1"]
[WhiteElo "1912"]
[BlackElo "1994"]
[PlyCount "113"]
[EventDate "2010.08.09"]
[EventType "swiss"]
[EventRounds "9"]
[EventCountry "ESP"]
[Source "lmi"]
[SourceDate "2010.08.09"]

1. e4 c5 2. Nf3 g6 3. d4 cxd4 4. Nxd4 Nc6 5. Nxc6 bxc6 6. Qd4 Nf6 7. e5 Nd5 8.
e6 Nf6 9. exf7+ Kxf7 10. Bc4+ d5 11. Bb3 Bg7 12. O-O Rf8 13. c4 e6 14. Qc5 Bd7
15. Nc3 Kg8 16. Bg5 Rf7 17. Rad1 Bf8 18. Qe3 Ng4 19. Qd2 Qc7 20. g3 Bc5 21. Be3
Bxe3 22. fxe3 Raf8 23. Rxf7 Rxf7 24. Qe2 h5 25. Rf1 Rxf1+ 26. Kxf1 Qe5 27. e4
d4 28. Nd1 c5 29. Bc2 Kg7 30. Kg1 Qg5 31. Bd3 e5 32. h3 Nh6 33. Kh2 Nf7 34. Nf2
Qc1 35. a3 Be6 36. g4 Qf4+ 37. Kg2 h4 38. Qf3 Qc1 39. Nd1 Ng5 40. Qe2 Bf7 41.
Qc2 Qf4 42. Qf2 Ne6 43. b4 Qc1 44. bxc5 Qxd1 45. Bc2 Nf4+ 46. Kh2 Qe2 47. Qxe2
Nxe2 48. c6 Be6 49. c7 Bc8 50. g5 Nf4 51. Bd1 Kf7 52. Bg4 Ne6 53. Kg2 Ke7 54.
Kf3 Kd6 55. Bf5 gxf5 56. exf5 Nxg5+ 57. Kg4 0-1

[Event "5. Torneo de Promoción de Almansa B"]
[Site "Almansa ESP"]
[Date "2010.08.10"]
[Round "3.2"]
[White "Rasskin Friederichs, Ivan"]
[Black "Sanchez Lopez, Diego"]
[Result "1/2-1/2"]
[WhiteElo "1905"]
[BlackElo "1992"]
[PlyCount "51"]
[EventDate "2010.08.09"]
[EventType "swiss"]
[EventRounds "9"]
[EventCountry "ESP"]
[Source "lmi"]
[SourceDate "2010.08.09"]

1. e4 e5 2. Nf3 Nc6 3. Bb5 a6 4. Ba4 b5 5. Bb3 Bc5 6. O-O Qf6 7. Nc3 Nge7 8.
Nd5 Nxd5 9. exd5 Ne7 10. Re1 h6 11. Qe2 d6 12. d4 exd4 13. h4 Bg4 14. Bg5 hxg5
15. hxg5 Bxf3 16. gxf6 Bxe2 17. Rxe2 gxf6 18. Rae1 O-O-O 19. Rxe7 Rd7 20. Re8+
Rxe8 21. Rxe8+ Rd8 22. Rxd8+ Kxd8 23. Kf1 Ke7 24. Ke2 d3+ 25. Kxd3 Bxf2 26. a4
1/2-1/2

[Event "5. Torneo de Promoción de Almansa B"]
[Site "Almansa ESP"]
[Date "2010.08.10"]
[Round "3.3"]
[White "Navarro Molina, Carmelo Jose"]
[Black "Alcaraz Carcel, Antonio"]
[Result "1/2-1/2"]
[WhiteElo "1896"]
[BlackElo "1991"]
[PlyCount "130"]
[EventDate "2010.08.09"]
[EventType "swiss"]
[EventRounds "9"]
[EventCountry "ESP"]
[Source "lmi"]
[SourceDate "2010.08.09"]

1. d4 g6 2. c4 Bg7 3. Nf3 d6 4. Nc3 Bg4 5. h3 Bxf3 6. exf3 c6 7. Be2 e6 8. O-O
Ne7 9. Be3 O-O 10. Qb3 Qc7 11. Rac1 Nd7 12. f4 d5 13. Rfd1 Nb6 14. c5 Nd7 15.
Bd3 Nf5 16. Bxf5 exf5 17. Qc2 Rfe8 18. Re1 Nf8 19. a3 Ne6 20. Ne2 Rec8 21. b4
a5 22. Ra1 h5 23. Reb1 axb4 24. axb4 Bh6 25. Qd2 Qd8 26. g3 Bg7 27. Qb2 Nc7 28.
Rxa8 Rxa8 29. Ra1 Nb5 30. Kg2 Kh7 31. Nc1 Qe8 32. Rxa8 Qxa8 33. Nb3 Qe8 34. Nd2
Bf6 35. h4 Qa8 36. Nb3 Bd8 37. Qa1 Qc8 38. Kg1 b6 39. Qc1 bxc5 40. Qxc5 Qb7 41.
Na5 Bxa5 42. bxa5 Kg7 43. Bd2 Qa8 44. Bb4 Nc7 45. Qb6 Na6 46. Bd6 Qc8 47. Qa7
Kg8 48. Qe7 Nb8 49. Qa7 Na6 50. Be5 Nb4 51. a6 Nxa6 52. Qe7 Qf8 53. Qf6 Kh7 54.
Qxc6 Nb4 55. Qb7 Kg8 56. Bf6 Nd3 57. Qxd5 Qe8 58. Qd8 Qxd8 59. Bxd8 Nb4 60. Kf1
Nd5 61. Ke2 f6 62. Kd3 Kf7 63. Kc4 Ke6 64. Ba5 Ne7 65. d5+ Nxd5 1/2-1/2

[Event "5. Torneo de Promoción de Almansa B"]
[Site "Almansa ESP"]
[Date "2010.08.10"]
[Round "3.4"]
[White "Martinez Hernandez, Javier"]
[Black "Boj Marques, Javier"]
[Result "1-0"]
[WhiteElo "1987"]
[BlackElo "1893"]
[PlyCount "67"]
[EventDate "2010.08.09"]
[EventType "swiss"]
[EventRounds "9"]
[EventCountry "ESP"]
[Source "lmi"]
[SourceDate "2010.08.09"]

1. Nf3 d5 2. d4 Nf6 3. e3 e6 4. Bd3 Be7 5. O-O O-O 6. Nbd2 Nbd7 7. b3 b6 8. Bb2
Bb7 9. c4 Ne4 10. Rc1 f5 11. Ne5 Nxe5 12. dxe5 Nxd2 13. Qxd2 dxc4 14. Rxc4 c5
15. Rd1 Qd5 16. e4 fxe4 17. Bxe4 Qxd2 18. Rxd2 Bxe4 19. Rxe4 Rfd8 20. Ree2 Bg5
21. Rd6 Rxd6 22. exd6 Kf7 23. f4 Bf6 24. Be5 Rd8 25. Kf2 Ra8 26. Ke3 Bd8 27.
Ke4 g6 28. g4 Bf6 29. Rf2 Re8 30. Rf3 Bd8 31. Rh3 Kg8 32. Rd3 Kf7 33. g5 b5 34.
d7 1-0